| 000 | 01860nam a2200301 a 4500 | ||
|---|---|---|---|
| 001 | 77564 | ||
| 003 | BD-RjUL | ||
| 005 | 20211209083005.0 | ||
| 008 | 201124s2006 bg |||| |m|| 00| 0 ben d | ||
| 035 | _a(BD-RjUL)77790 | ||
| 040 |
_aBD-RjUL _beng _dBD-RjUL |
||
| 041 | _aben | ||
| 082 |
_a891.44209 _bKAA 2006 _223 |
||
| 100 |
_aকবীর, মো. সোলায়মান _9242120 |
||
| 245 |
_aআবদুল্লাহ আল-মামুনের নাটক : _bবিষয় ও পরিচর্চা / _cমো. সোলায়মান কবীর ; _6তত্বাবধায়ক : সফিকুন্নবী সামাদী |
||
| 260 |
_aরাজশাহী : _bবাংলা বিভাগ, রাজশাহী বিশ্ববিদ্যালয়, _c২০০৬ |
||
| 300 |
_a১৩৭ পাতা ; _c৩০ সেমি. |
||
| 502 | _aথিসিস (এম. ফিল.) -- বাংলা বিভাগ, রাজশাহী বিশ্ববিদ্যালয়, ২০০৬ | ||
| 504 | _aগ্রন্থপঞ্জি : পাতা ১৩৫ - ১৩৭ | ||
| 600 |
_aআল-মামুন, আবদুল্লাহ, _d--১৯৪৩-২০০৮ _xজীবনী _9244816 |
||
| 600 |
_aAl-Mamun, Abdullah, _d--1943-2008 _xBiography _9244817 |
||
| 600 |
_aআল-মামুন, আবদুল্লাহ, _d--১৯৪৩-২০০৮ _xসমালোচনা ও ব্যাখা _9244818 |
||
| 600 |
_aAl-Mamun, Abdullah, _d--1943-2008 _xCriticism and Interpretation _9244819 |
||
| 650 |
_aবাংলা নাটক _vইতিহাস ও সমালোচনা _9242121 |
||
| 650 |
_aBengali Drama _vHistory & Criticism _9242122 |
||
| 700 |
_aসামাদী, সফিকুন্নবী, তত্বাবধায়ক _9242123 |
||
| 942 |
_2ddc _cTHE |
||
| 999 |
_c77564 _d77564 |
||